[Event "IECC M1-2008.T48"]
[Site "IECC email"]
[Date "2008.05.20"]
[Round "?"]
[White "Adkins, Anthony"]
[Black "Marquis, Roland"]
[Result "1-0"]
[WhiteElo "1762"]
[BlackElo "1724"]
[PlyCount "97"]
[EventDate "2008.??.??"]
[EventType "match (corr)"]
[EventRounds "2"]
[SourceTitle "Corr 2011"]
[Source "ChessBase"]
[SourceDate "2010.08.31"]
[SourceVersion "1"]
[SourceVersionDate "2010.08.31"]
[SourceQuality "1"]
[WhiteTeam "England"]
[BlackTeam "Switzerland"]
[WhiteTeamCountry "ENG"]
[BlackTeamCountry "SUI"]

1. d4 f5 2. g3 Nf6 3. Bg2 e6 4. Nf3 Be7 5. 0-0 0-0 6. c3 a6 7. Nbd2 Nc6 8. Qc2 b5 9. Ne5 Bb7 10. Nxc6 Bxc6 11. Bxc6 dxc6 12. e4 fxe4 13. Nxe4 Qd5 14. Re1 Bd6 15. Nxf6+ Rxf6 16. Qe4 Raf8 17. Qxd5 cxd5 18. f4 Rg6 19. Rf1 c5 20. Kg2 cxd4 21. cxd4 Rgf6 22. Bd2 Rc8 23. Rac1 Rff8 24. Rfe1 Rxc1 25. Rxc1 Be7 26. Rc7 Bf6 27. Bb4 Ra8 28. Bc5 g5 29. Kf3 gxf4 30. gxf4 a5 31. Rd7 b4 32. Kg4 Bg7 33. Kg5 Kh8 34. h4 Rg8 35. f5 h6+ 36. Kg6 exf5 37. Kxf5 Re8 38. Rxd5 Re2 39. Rd8+ Kh7 40. Ra8 Rxb2 41. Rxa5 Rf2+ 42. Kg4 Rd2 43. Ra7 Kg8 44. Rd7 Rxa2 45. Bxb4 Rg2+ 46. Kh5 Rb2 47. Bc5 Rf2 48. d5 Rf5+ 49. Kg4 1-0

[Event "IECC M1-2007.T22"]
[Site "IECC email"]
[Date "2007.07.26"]
[Round "?"]
[White "Von Rosenberg, Clemens"]
[Black "Adkins, Anthony"]
[Result "1/2-1/2"]
[WhiteElo "1783"]
[BlackElo "1745"]
[PlyCount "57"]
[EventDate "2007.??.??"]
[EventType "match (corr)"]
[EventRounds "2"]
[SourceTitle "Corr 2011"]
[Source "ChessBase"]
[SourceDate "2010.08.31"]
[SourceVersion "1"]
[SourceVersionDate "2010.08.31"]
[SourceQuality "1"]
[WhiteTeam "US of America"]
[BlackTeam "South Africa"]
[WhiteTeamCountry "USA"]
[BlackTeamCountry "RSA"]

1. g3 d5 2. Bg2 Nf6 3. Nf3 c6 4. 0-0 Bf5 5. d3 h6 6. c4 Nbd7 7. cxd5 cxd5 8. Qb3 e5 9. Qxb7 Bc5 10. Nc3 Rb8 11. Qa6 0-0 12. Na4 Be7 13. b3 Qc7 14. Bb2 Rbc8 15. Rac1 Qb8 16. e3 Rfe8 17. Rfd1 Bd6 18. h3 Be6 19. Kf1 Nf8 20. Rxc8 Rxc8 21. Rc1 Rxc1+ 22. Bxc1 Bd7 23. Kg1 Bb5 24. Qa5 Bxd3 25. Bb2 Ng6 26. Nc5 Bb5 27. Na4 Be2 28. Qd2 Bb5 29. Qa5 1/2-1/2

[Event "IECC CL4-2006.04 email"]
[Site "IECC email"]
[Date "2006.03.06"]
[Round "?"]
[White "Sherwood, Russell"]
[Black "Adkins, Anthony"]
[Result "1-0"]
[WhiteElo "1780"]
[BlackElo "1752"]
[PlyCount "77"]
[EventDate "2006.??.??"]
[EventType "tourn (corr)"]
[EventRounds "4"]
[SourceTitle "Corr 2015"]
[Source "ChessBase"]
[SourceDate "2015.07.17"]
[SourceVersion "1"]
[SourceVersionDate "2015.07.17"]
[SourceQuality "1"]

1. e4 c6 2. d4 d5 3. Nd2 dxe4 4. Nxe4 Nd7 5. Ng5 Nb6 6. N1f3 g6 7. Bd3 Bg7 8. 0-0 Nh6 9. c3 0-0 10. Re1 Bf5 11. Bf4 Nd5 12. Be5 Nf6 13. Bc4 b5 14. Bb3 a5 15. a4 b4 16. cxb4 axb4 17. Qc1 Qb6 18. Qc4 Bg4 19. h3 Bxf3 20. Nxf3 Nd5 21. Bxg7 Kxg7 22. Ne5 Rfd8 23. a5 Qb7 24. Qxc6 Qxc6 25. Nxc6 Rd6 26. Bxd5 Rxd5 27. Rxe7 Nf5 28. Rb7 Ra6 29. Rb6 Rxb6 30. axb6 Rb5 31. Ra6 Nd6 32. Na5 b3 33. Kf1 Rb4 34. Ke2 Rxd4 35. b7 Nxb7 36. Nxb7 Rc4 37. Rd6 Rc2+ 38. Rd2 Rc8 39. Na5 1-0